Bosnian players in European Big Five (2000-) - Statistics

General Stats
  • This quiz has been taken 53 times
  • The average score is 15 of 74
Answer Stats
Ranking Player Positions Nationality Matches Goals (assists) Periods Clubs % Correct
1 Edin Džeko FW 509 223 (71) 2007-2023
100%
2 Miralem Pjanić MF 422 56 (81) 2007-2021
100%
4 Sead Kolašinac DF, MF 291 12 (24) 2012-2025
95%
6 Asmir Begović GK 258 1 (0) 2008-2019, 2021-2023
77%
7 Hasan Salihamidžić DF, MF 249 33 (32) 2000-2012
77%
3 Vedad Ibišević FW 349 127 (39) 2004-2005, 2006-2007, 2008-2021
74%
13 Rade Krunić MF, FW 181 9 (13) 2015-2016, 2018-2024
63%
5 Senad Lulić DF, MF, FW 282 28 (38) 2011-2021
58%
15 Ermedin Demirović MF, FW 161 46 (24) 2017-2018, 2020-2025
51%
11 Emir Spahić DF 187 7 (4) 2009-2017
49%
16 Zvjezdan Misimović MF 157 37 (48) 2002-2004, 2006-2011
40%
14 Ermin Bičakčić DF 162 7 (2) 2010-2011, 2013-2023
37%
8 Sergej Barbarez MF, FW 234 76 (49) 2000-2008
37%
12 Sejad Salihović DF, MF 186 47 (31) 2004-2005, 2008-2014, 2017-2018
33%
26 Kenan Kodro DF, MF, FW 76 10 (1) 2016-2021
28%
17 Milan Đurić FW 153 22 (10) 2014-2015, 2021-2025
28%
32 Muhamed Bešić DF, MF 49 0 (0) 2010-2011, 2014-2015, 2017-2018, 2019-2020
28%
33 Anel Ahmedhodžić DF 46 2 (1) 2021-2022, 2023-2024
26%
47 Ivan Šunjić MF 18 0 (0) 2022-2023
26%
9 Mato Jajalo MF 208 7 (9) 2009-2011, 2014-2016, 2019-2023
26%
40 Nikola Vasilj GK 33 0 (0) 2024-2025
26%
43 Toni Šunjić DF 26 1 (0) 2015-2017
26%
34 Izet Hajrović MF, FW 45 2 (0) 2014-2018
23%
52 Benjamin Tahirovic MF 11 0 (0) 2022-2023
21%
19 Ervin Zukanović DF 132 5 (3) 2014-2020
21%
22 Mensur Mujdža DF, MF 100 1 (2) 2009-2015
21%
31 Denis Huseinbasic MF, FW 50 4 (4) 2022-2024
19%
28 Haris Medunjanin MF 66 8 (2) 2008-2009, 2014-2015
19%
45 Haris Tabakovic FW 22 3 (1) 2024-2025
19%
55 Amar Dedić DF 10 0 (1) 2024-2025
16%
62 Dženis Burnić MF 7 0 (0) 2016-2018
16%
56 Elvir Baljić MF, FW 10 1 (0) 2001-2002
16%
18 Zlatan Bajramović MF 145 17 (7) 2001-2002, 2003-2010
16%
41 Armin Gigovic MF 31 5 (1) 2024-2025
14%
46 Damir Vrančić MF 20 0 (0) 2006-2007, 2013-2014
14%
23 Elvir Bolić FW 98 22 (3) 2000-2003
14%
24 Mario Vrančić MF 96 9 (4) 2006-2007, 2014-2016, 2019-2020
14%
53 Ognjen Vranješ DF 11 0 (0) 2015-2016
14%
59 Dennis Hadzikadunic DF 8 0 (0) 2022-2023
12%
57 Miroslav Stevanović MF, FW 10 0 (0) 2012-2014
12%
20 Tomislav Piplica GK 117 0 (0) 2000-2002, 2006-2008
12%
48 Amer Gojak MF, FW 15 1 (1) 2020-2021
9%
42 Mirsad Hibić DF 29 1 (0) 2002-2004
9%
60 Muhamed Konjić DF 8 0 (0) 2000-2001
9%
65 Riad Bajić MF, FW 5 0 (0) 2017-2018
9%
10 Sanjin Prcić MF 196 7 (7) 2013-2024
9%
29 Zlatan Muslimović FW 65 9 (4) 2000-2001, 2005-2008
9%
67 Benjamin Hadžić MF, FW 3 0 (1) 2018-2019
7%
39 Haris Duljević MF, FW 34 0 (5) 2019-2021
7%
21 Marko Topić FW 105 16 (7) 2001-2006
7%
44 Mirko Hrgović MF 23 0 (0) 2003-2005
7%
66 Sead Kapetanović DF, MF 5 0 (0) 2000-2001
7%
27 Bruno Akrapović MF 67 0 (1) 2000-2003
5%
49 Halid Šabanović DF 15 2 (0) 2022-2023
5%
37 Ivan Radeljić DF 42 0 (0) 2007-2009
5%
35 Ivica Grlić MF 43 6 (4) 2000-2001, 2005-2006, 2007-2008
5%
54 Vladan Grujić MF 11 0 (0) 2003-2004
5%
68 Enis Nadarević MF 3 0 (0) 2012-2013
2%
71 Petar Zovko GK 2 0 (0) 2021-2023
2%
64 Saïd Hamulic FW 6 0 (0) 2022-2023
2%
58 Said Husejinović MF 10 0 (1) 2008-2011
2%
38 Vedin Musić DF, MF 38 3 (1) 2002-2003, 2006-2007
2%
63 Alen Škoro FW 6 0 (0) 2000-2001
0%
70 Ćazim Suljić FW 2 0 (0) 2016-2017
0%
36 Daniel Pavlović DF, MF 42 0 (6) 2015-2018
0%
51 Danijel Milićević MF, FW 12 0 (3) 2017-2018
0%
61 Dario Župarić DF 7 0 (0) 2016-2017
0%
72 Emir Granov FW 1 0 (0) 2001-2002
0%
30 Faruk Hujdurović DF 60 1 (1) 2000-2003
0%
69 Hrvoje Miličević DF, MF 3 0 (0) 2016-2017
0%
73 Marijan Ćavar MF 1 0 (0) 2017-2018
0%
25 Mateo Pavlović DF 95 5 (3) 2012-2013, 2016-2021
0%
50 Sead Ramović GK 15 0 (0) 2001-2004
0%
74 Sead Zilić FW 1 0 (0) 2000-2001
0%
No matching quizzes found
Score Distribution
Percent of People with Each Score
Percentile by Number Answered
Your Score History
You have not taken this quiz